Obchodníci už slabé miesta novej úpravy povinnej ponuky našli

Inštitút povinnej ponuky - nástroj ochrany minoritných akcionárov. Inštitút povinnej ponuky bol pod zákonnou ochranou. Problémy nastávali s akcionármi, ktorí chceli kúpiť viac ako 30 perc. akcií - museli transakciu uskutočniť prostredníctvom verejného prísľubu. Od januára 2002 platí nový zákon o cen...

Descrizione completa

Salvato in:
Dettagli Bibliografici
Autore principale: Hošek, Milan
Natura: Capitolo di libro
Lingua:slovacco
Soggetti:
Tags: Aggiungi Tag
Nessun Tag, puoi essere il primo ad aggiungerne!!

MARC

LEADER 00000naa a2200000 4500
001 r048831
005 20230921114538.9
041 0 |a slo 
044 |a SK 
245 1 0 |a Obchodníci už slabé miesta novej úpravy povinnej ponuky našli  |c Milan Hošek 
520 |a Inštitút povinnej ponuky - nástroj ochrany minoritných akcionárov. Inštitút povinnej ponuky bol pod zákonnou ochranou. Problémy nastávali s akcionármi, ktorí chceli kúpiť viac ako 30 perc. akcií - museli transakciu uskutočniť prostredníctvom verejného prísľubu. Od januára 2002 platí nový zákon o cenných papieroch a investičných službách č. 566/2001 Z.z. Verejný prísľub sa nahrádza termínom ponuka na prevzatie. Stanovenie ceny akcií. Cesty, ako obísť zákon. Zrušenie registrácie. 
610 2 0 |a akcie 
610 2 0 |a akcionári 
610 2 0 |a nákup 
610 2 0 |a ponuka 
610 2 0 |a papiere cenné 
610 2 0 |a služby investičné 
610 2 0 |a zákony 
610 2 0 |a ceny 
610 2 0 |a Slovensko 
100 1 |a Hošek, Milan